Fizika sojedinenij AII BVI

Gespeichert in:
Bibliographische Detailangaben
Format: Buch
Sprache:Russisch
Veröffentlicht: Moskva : Nauka, 1986
Schlagworte:
Tags: Tag hinzufügen
Keine Tags, Fügen Sie das erste Tag hinzu!

MARC

LEADER 00000nam a22000003a 4500
001 stu36149
005 20141122052622.8
008 920522s1986----xxr-----------------rus-d
040 |a STU  |b slo 
041 0 |a rus 
044 |a xxr 
080 |a 539.2 
245 |a Fizika sojedinenij AII BVI 
260 |a Moskva :  |b Nauka,  |c 1986 
300 |a 319 s 
650 7 |a fyzika tuhých látok  |2 stusub 
996 |b 284M047855  |c M*598-1  |l MMKN  |s A  |a 24  |w stu36149_0001